000 01058nam a2200289 i 4500
001 bg
003 BPK
005 20200317081427.0
008 991210s1999 pl a f f |000 0 pol
020 _a8320424658
040 _cBPK
041 0 _apol
080 _a744:621.01
080 _a(075.8)
100 1 _aDobrzański, Tadeusz
_eAutor
245 1 0 _aRysunek techniczny maszynowy /
_cTadeusz Dobrzański.
250 _aWyd. 19 zm. (dodr.).
260 _aWarszawa :
_bWydawnictwa Naukowo-Techniczne,
_c1999.
300 _a214, [2] s. :
_brys., wykr. ;
_c29 cm.
504 _aWykaz norm s. 210-211. - Indeks.
521 _aDla personelu inż.-tech. biur konstrukcyjnych i projektowych oraz zakładów przemysłowych, dla słuchaczy uczelni i szkół tech.
650 4 _aMaszyny
_xrysunek techniczny.
655 4 _aPodręczniki akademickie
710 2 _aWydawnictwa Naukowo-Techniczne
_4pbl.
856 _uhttp://koha.tu.koszalin.pl/cgi-bin/koha/opac-detail.pl?biblionumber=52035
_yKatalog online BPK
942 _cKS
_2UKD
999 _c52035
_d52035